Missing Word: Films Set on Trains Quiz Stats

 Plays Quiz Updated Nov 1, 2019

Score 0/20 Timer 05:00
4 Plays Today
Title Missing Word % Correct
Back to the ____ Part IIIFuture
97.5%
____ on the Orient ExpressMurder
96.8%
____, Trains and AutomobilesPlanes
96.1%
____ Momma from the TrainThrow
83.4%
The ____ of Pelham 123Taking
79.2%
The Lone ____Ranger
77.5%
The ____ ExpressPolar
69.1%
Stand ____ of the Closing DoorsClear
56.7%
____ to BusanTrain
56.2%
Source ____Code
55.9%
Title Missing Word % Correct
The ____ VanishesLady
54.8%
The ____ on the TrainGirl
54.3%
____ StreakSilver
51.3%
Twentieth ____Century
48.6%
The Darjeeling ____Limited
47.4%
____ on a TrainStrangers
46.2%
____ SunriseBefore
41.8%
Terror by ____Night
40.7%
The ____ Meat TrainMidnight
24.9%
The Narrow ____Margin
12%

Today's Daily Dose

Missing Word
Sherlocks

Word Ladder
King of the Hill

Quick Pick
Songs in Pink

Get the Picture
NBA Teammates

You're not logged in!

Compare scores with friends on all Sporcle quizzes.
OR
Log In

Sporcle TV

Today on Sporcle TV


Watch our educational content, quiz creation guides, and fun videos on Sporcle TV.

Show Comments

Extras

Top Quizzes Today


Score Distribution

Your Account Isn't Verified!

In order to create a playlist on Sporcle, you need to verify the email address you used during registration. Go to your Sporcle Settings to finish the process.

Report this User

Report this user for behavior that violates our Community Guidelines.

Details: